{"text_format":"3","workbook":"xlsx","n_sheets":3,"sheets":["汇总","常规废品清单","贵重金属废品清单"],"not_rendered":{"images":9,"defined_names":1},"read":"whole","date_system":"1900"}

{"sheet":"汇总","index":0,"n_rows":56,"n_cols":13,"rows_kept":56,"hidden":true}
["编号","类别","名称","材料","规格","数量","单位","单台重量预估(kg)","总重",null,null,"计划拆除日期","备注"]
["1","有价值废料","SEX风机（不含窝壳）","电机+钢座","28000cmh",7,"台",1500,10500,5,{"$f":"J2*I2","v":52500},"5月下旬-6月上旬"]
["2","有价值废料","AEX风机（不含窝壳）","窝壳FRP+电机+钢座","6000cmh",3,"台",500,1500,5,{"$f":"J3*I3","v":7500},"5月下旬"]
["3","有价值废料","GEX风机","一般排钢制风机","28000cmh",6,"台",1700,10200,5,51000,"5月下旬"]
["4","有价值废料","VEX风机","有机钢制风机","13500cmh",2,"台",1000,2000,5,10000,"5月下旬"]
["5","有价值废料","VEX风机","有机钢制风机","24000cmh",1,"台",1500,1500,5,7500,"5月下旬"]
["6","有价值废料","原有系统现场盘柜拆除","洗涤塔现场控制柜","洗涤塔现场控制柜",4,"面",50,200,5,1000,"5月下旬"]
["7","有价值废料","原有系统现场盘柜拆除","隔离开关箱","隔离开关箱",20,"面",10,200,5,1000,"5月下旬"]
["8","有价值废料","烟囱架","5号角钢","高6米",10,"副",600,6000,2,12000,"5月下旬-6月上旬"]
["9","有价值废料","风管龙门架","5号角钢","5号角钢",270,"米",3.7,999,2,1998,"5月下旬"]
["10","有价值废料","不锈钢风管","SUS304","D1000",86,"米",50,4300,2,8600,"5月下旬","含烟囱"]
["11","有价值废料","不锈钢风管","SUS304","D800",10,"米",40,400,2,800,"5月下旬"]
["12","有价值废料","酸排不锈钢涂层风管","SUS304+涂层","D1500",48,"米",74,3552,2,7104,"已拆除2/3,剩下的5月下旬"]
["13","有价值废料","酸排不锈钢涂层风管","SUS304+涂层","D1300",40,"米",64,2560,2,5120,"5月下旬","烟囱"]
["14","有价值废料","酸排不锈钢涂层风管","SUS304+涂层","D1000",12,"米",50,600,2,1200,"5月下旬"]
["15","有价值废料","碱排不锈钢涂层风管","SUS304+涂层","D630",28,"米",30,840,2,1680,"已拆除1/2，剩下的5月下旬"]
["16","有价值废料","碱排不锈钢涂层风管","SUS304+涂层","D400",6,"米",20,120,2,240,"5月下旬"]
["17","有价值废料","碱排不锈钢涂层风管","SUS304+涂层","D630",22,"米",30,660,2,1320,"5月下旬","烟囱"]
["18","有价值废料","一般排镀锌螺旋风管","镀锌","D1500",14,"米",40,560,2,1120,"已拆除1/5，剩下的5月下旬"]
["19","有价值废料","一般排镀锌螺旋风管","镀锌","D1000",25,"米",30,750,2,1500,"5月上旬"]
["20","有价值废料","酸排不锈钢涂层手动风阀","SUS304+涂层","D1000",6,"个",70,420,2,840,"5月下旬"]
["21","有价值废料","酸排不锈钢涂层止回风阀","SUS304+涂层","D1300",6,"个",60,360,2,720,"5月下旬"]
["22","有价值废料","有机不锈钢手动风阀","SUS304","D1000",4,"个",60,240,2,480,"5月下旬"]
["23","有价值废料","有机不锈钢止回风阀","SUS304","D1000",4,"个",45,180,2,360,"5月下旬"]
["24","有价值废料","一般排镀锌螺旋手动风阀","镀锌","D1000",3,"个",50,150,2,300,"5月下旬"]
["25","有价值废料","一般排镀锌螺旋止回风阀","镀锌","D1000",3,"个",40,120,2,240,"5月下旬"]
["26","有价值废料","直管","SUS304+涂层","￠1500 L=2410",1,"个",150,150,2,300,"已拆除","洁净室风管拆改"]
["27","有价值废料","直管","SUS304+涂层","￠350 L=1190",1,"个",20,20,2,40,"已拆除","洁净室风管拆改"]
["28","有价值废料","阀门","SUS304+涂层","￠350 L=300 ",1,"个",6,6,2,12,"已拆除","洁净室风管拆改"]
["29","有价值废料","直管","SUS304+涂层","￠350 L=100 ",1,"个","2",2,2,4,"已拆除","洁净室风管拆改"]
["30","有价值废料","直管","SUS304+涂层","￠500 L=290",1,"个","8",8,2,16,"已拆除","洁净室风管拆改"]
["31","有价值废料","直管","SUS304+涂层","￠400 L=690",1,"个","14",14,2,28,"已拆除","洁净室风管拆改"]
["32","有价值废料","直管","SUS304+涂层","￠400 L=290",1,"个","7",7,2,14,"已拆除","洁净室风管拆改"]
["33","有价值废料","直管","SUS304+涂层","￠400 L=290",1,"个","7",7,2,14,"已拆除","洁净室风管拆改"]
["34","有价值废料","盲板","SUS304+涂层","￠400 ",1,"个","2",2,2,4,"已拆除","洁净室风管拆改"]
["35","有价值废料","盲板","SUS304+涂层","￠400 ",1,"个","2",2,2,4,"已拆除","洁净室风管拆改"]
["36","有价值废料","直管","SUS304+涂层","￠250 L=1190",1,"个","15",15,2,30,"已拆除","洁净室风管拆改"]
["37","有价值废料","直管","SUS304+涂层","￠500 L=2410",1,"个","60",60,2,120,"已拆除","洁净室风管拆改"]
["38","有价值废料","直管","SUS304","￠800 L=2400 ",1,"个","80",80,2,160,"已拆除","洁净室风管拆改"]
["39","有价值废料","直管","SUS304","￠800 L=2400 ",1,"个","80",80,2,160,"已拆除","洁净室风管拆改"]
["40","有价值废料","90°弯头","SUS304","￠1000 R=D ",1,"个","70",70,2,140,"已拆除","洁净室风管拆改"]
["41","有价值废料","原有系统现场桥架拆除","400*150，带盖","400*150，带盖",200,"米",5,1000,2,2000,"5月下旬"]
["42","有价值废料","原有系统现场桥架拆除","200*150，带盖","200*150，带盖",100,"米",3,300,2,600,"5月下旬"]
["43","有价值废料","补排水","UVPC","1寸、2寸",270,"米",2,540,2,1080,"5月下旬"]
["44","有价值废料","原有系统现场电缆拆除","动力电缆",null,1200,"米",2,2400,8,19200,"5月下旬"]
["45","有价值废料","原有系统现场电缆拆除","信号线",null,1200,"米",0.2,240,8,1920,"5月下旬"]
["46","有价值废料","UPS4、UPS5","2#-FAB1A配电室门口","台",2,"按台变卖",{"$nulls":4},"已拆除","一期改造项目-施工"]
["47","有价值废料","UPS21、UPS22、UPS23、UPS24","3#-CUB柴发机房门口","台",4,"按台变卖",{"$nulls":4},"已拆除","一期改造项目-施工"]
["48","有价值废料","UPS1、UPS2、UPS3","二期-CUB南侧檐下","台",3,"按台变卖",{"$nulls":4},"已拆除","一期改造项目-施工"]
["50","有价值废料","电缆及电缆头","厂务-二期仓库","堆",25,"预估：",null,"15750kg",null,null,"已拆除","一期改造项目-施工"]
["52","有价值废料","FAB1岁修更换风机马达","可回收站","PCS",300,"预估：",null,"1500KG",null,null,"已拆除","一期改造项目-施工"]
["53","有价值废料","废不绣钢洗眼器","可回收站","PCS",1,"预估",null,"100KG",null,null,"已拆除","一期改造项目-施工"]
["53","有价值废料","废铁","可回收站","PCS",1,"预估",null,"1500KG",null,null,"已拆除","一期改造项目-施工"]
["53","有价值废料","电机","可回收站","PCS",2,"预估",null,"150KG",null,null,"已拆除","一期改造项目-施工"]
["53","有价值废料","灭火器","可回收站","PCS",300,"预估",null,"按个变卖",null,null,"已拆除"]
["53","有价值废料","大塑料桶","可回收站","PCS",2,"预估",null,"200KG",null,null,"已拆除"]

{"sheet":"常规废品清单","index":1,"n_rows":49,"n_cols":9,"rows_kept":49,"merged":[[0,0,0,8],[2,1,7,1],[2,7,7,7],[8,1,10,1],[8,7,10,7],[9,8,10,8],[11,1,15,1],[11,7,15,7],[16,1,21,1],[16,7,21,7],[22,1,23,1],[22,7,23,7],[24,1,25,1],[24,7,25,7],[27,1,39,1],[27,7,39,7],[40,1,46,1],[40,7,46,7]]}
["报废物料明细"]
["序号","类别","物料名称","报废部门","暂存地点","单位","当前数量","预估年度数量","图示"]
[1,"塑胶载具类","废wafer盒（shipping box）",null,"乙类库4楼","pcs",2920,"7000ea"]
[2,null,"八角盒",null,"乙类库4楼","pcs","\t\n51"]
[3,null,"PP卡塞",null,"乙类库4楼","pcs","\t\n281"]
[4,null,"SIC前段BOX",null,"乙类库4楼","pcs",508]
[5,null,"SICBG后",null,"乙类库4楼","pcs",457]
[6,null,"GAN BOX",null,"乙类库4楼","pcs",310]
[7,"刀片类","磨刀板","设备一科","乙类库4楼","pcs","约1742个","8000ea"]
[8,null,"晶圆切割刀","设备一科","乙类库4楼","pcs","约2420"]
[9,null,"贴膜机圆切刀","设备一科","乙类库4楼","pcs",31]
[10,"电机，电箱等相关","旧电机","厂务","回收站","PCS",2,"5T"]
[11,null,"电箱","厂务","回收站","PCS",2]
[12,null,"电池箱","厂务","厂务","个",3]
[13,null,"配电箱","行政","行政","台",2]
[14,null,"电池开关箱","厂务","厂务","个",1]
[15,"IT耗材类","网络机柜","质量流程与信息技术处","质量流程与信息技术处","个",1,"1T"]
[16,null,"光纤配线箱","质量流程与信息技术处","质量流程与信息技术处","个",1]
[17,null,"程控交换机柜","质量流程与信息技术处","质量流程与信息技术处","个",1]
[18,null,"光纤配线柜","质量流程与信息技术处","质量流程与信息技术处","个",1]
[19,null,"硬盘","PVD设备科","回收站","个",9]
[20,null,"软盘","PVD设备科","回收站","个",104]
[21,"电池类","铅酸蓄电池","注入设备科","注入设备科","PCS",8,"3T"]
[22,null,"废旧铅酸蓄电池","厂务","厂务","只",68]
[23,"不锈钢类","普通不锈钢货架与氮气柜","生产支援科","垃圾回收站","个","70个","5T"]
[24,null,"不锈钢排气管","厂务","回收站","堆","1堆"]
[25,"铝合金类","高架地板","厂务","回收站","堆",1,"5T"]
[26,"废备件类","废旧小型UP","厂务","厂务","台",5,"2T"]
[27,null,"PLC控制模块","PVD设备科","回收站","个",2]
[28,null,"电动阀组","PVD设备科","回收站","个",1]
[29,null,"真空规","PVD设备科","回收站","个",2]
[30,null,"交流接触器","PVD设备科","回收站","个",5]
[31,null,"质量流量计","PVD设备科","回收站","个",3]
[32,null,"气动阀","PVD设备科","回收站","个",1]
[33,null,"液体流量控制器","PVD设备科","回收站","个",1]
[34,null,"汽化器","PVD设备科","回收站","个",1]
[35,null,"废弃备件","PVD设备科","回收站","个",3]
[36,null,"废弃备件","PVD设备科","回收站","袋",3]
[37,null,"Susceptor","CVD设备科","CVD设备科","个",20]
[38,null,"Showerhead","CVD设备科","CVD设备科","个",40]
[39,"杂类","三轮车","小型整改科","小型整改科","台",1,"50T"]
[40,null,"中央空调散热网","厂务","回收站","个",1]
[41,null,"潜水泵","行政","行政","台",7]
[42,null,"线缆和灯具","行政","行政","袋",1]
[43,null,"废铁","行政","回收站","KG","1堆"]
[44,null,"碎纸机","品质","回收站","台",1]
[45,null,"废弃水管","PVD设备科","回收站","根",1]
[46,"废电缆","中大电缆（不包括生活类的小电线）",null,null,"T",2,"3T"]
[47,"汞灯",{"$nulls":3},"ea",80,"80ea"]

{"sheet":"贵重金属废品清单","index":2,"n_rows":9,"n_cols":5,"rows_kept":9}
["序号","材料","描述","预估重量/KG","注"]
[1,"铝基背板","用完后报废靶背，主要是背板，上残留部分靶材",1289]
[2,"铜基背板","用完后报废靶背，主要是背板，上残留部分靶材",10]
[3,"银","靶材上残留的银或银坩埚",5]
[4,"钛","钛颗粒，钛坩埚等",2.7]
[5,"镍","镍颗粒，坩埚等",25]
[6,"危险金属废液","清洗后的危废液，内含银&镍，含量见检测报告",2375,"需要有危废回收资质"]
[7,"固废","清洗前，备件上的固体，含银&铝&钛，含量见检测报告",64.8]
[8,"报废研磨轮",null,280]